LEADER 01358cam0-22004691i-450- 001 990007922370403321 005 20060531131828.0 010 $a88-15-08772-9 035 $a000792237 035 $aFED01000792237 035 $a(Aleph)000792237FED01 035 $a000792237 100 $a20040924d2002----km-y0itay50------ba 101 0 $aita 102 $aIT 105 $ay-------001yy 200 1 $aTigri globali, domatori nazionali$eil difficile rapporto tra finanza globale e autorità monetarie nazionali$fFabrizio Saccomanni 210 $aBologna$cil Mulino$d2002 215 $a303 p.$d22 cm 225 1 $aStudi e ricerche$v491 610 0 $aMercati finanziari internazionali 610 0 $aFinanza internazionale 610 0 $aBanche centrali$aPolitica economica 676 $a332.456 6$v21$zita 676 $a332 676 $a330$v11$zita 700 1$aSaccomanni,$bFabrizio$f<1942- >$0122557 801 0$aIT$bUNINA$gRICA$2UNIMARC 901 $aBK 912 $a990007922370403321 952 $aXV M3 127$fDTE 952 $aZ-94-TB$b7915$fECA 952 $aK 149$bs.i.$fDSS 952 $aO/2.222 SAC$b19728$fSES 952 $aCollez. 103 (491)$b41583$fFSPBC 959 $aDSS 959 $aFSPBC 959 $aDTE 959 $aECA 959 $aSES 996 $aTigri globali, domatori nazionali$938234 997 $aUNINA LEADER 01144nam 2200373 450 001 9910794210803321 005 20230803211137.0 010 $a1-68149-074-9 035 $a(CKB)4100000011632897 035 $a(MiAaPQ)EBC6420189 035 $a(EXLCZ)994100000011632897 100 $a20210327d2014 uy 0 101 0 $aeng 135 $aurcnu|||||||| 181 $ctxt$2rdacontent 182 $cc$2rdamedia 183 $acr$2rdacarrier 200 10$aCatholic literary giants $ea field guide to the Catholic literary landscape /$fJoseph Pearce 210 1$aSan Francisco :$cIgnatius Press,$d2014. 215 $a1 online resource (288 pages) 311 $a1-58617-944-6 606 $aCatholic Church 606 $aCatholic Church$xApologetic works$xHistory and criticism 615 0$aCatholic Church. 615 0$aCatholic Church$xApologetic works$xHistory and criticism. 676 $a267.24209 700 $aPearce$b Joseph$f1961-$0169187 801 0$bMiAaPQ 801 1$bMiAaPQ 801 2$bMiAaPQ 906 $aBOOK 912 $a9910794210803321 996 $aCatholic literary giants$93714364 997 $aUNINA